000 00831nam a2200181 i 4500
001 124822
003 ES-MaACL
005 20230906192514.0
007 t|
008 070420s1930 sp ||||1| spa d
245 0 0 _aReseña de la visita de obreros previsores a la Exposición Iberoamericana de Sevilla
_b: organizada por el Instituto Nacional de Previsión con la cooperación de sus Cajas colaboradoras, del 3 al 12 de Marzo de 1930.
260 _aMadrid :
_b[s.n.],
_c1930 (
_fImprenta y Encuadernación de los Sobrinos de la Sucesora de M. Minuesa de los Ríos)
300 _a69 p., VIII p. :
_bil. ;
_c21 cm.
490 1 _aPublicaciones del Instituto Nacional de Previsión ;
_v237
830 0 _aPublicaciones del Instituto Nacional de Previsión ;
_v237
_9181151
852 _aES-MaACL
_jC-12629(2)
999 _c124822
_d124822